What's in a Name? #1 - Statistics

General Stats
  • This quiz has been taken 41,165 times
  • The average score is 13 of 22
Answer Stats
Answer % Correct
Peeping {Tom}
92%
{Jack} of all Trades
88%
Bloody {Mary}
87%
Curious {George}
86%
{Adam}'s Apple
84%
Even {Steven}
80%
Plain {Jane}
75%
{Debbie} Downer
67%
Nervous {Nellie}
66%
Honest {Abe}
63%
{John} Q. Public
60%
Chatty {Cathy}
57%
Doubting {Thomas}
51%
Lazy {Susan}
50%
Smart {Alec}
47%
{Jim} Crow
44%
Simple {Simon}
44%
Tricky {Dick}
44%
Jolly {Roger}
43%
{Joe} Six Pack
38%
Gloomy {Gus}
32%
{Charley} Horse
20%
No matching quizzes found
Score Distribution
Percent of People with Each Score
Percentile by Number Answered
Your Score History
You have not taken this quiz